Normal view
MARC view
Entry Personal Name
001 - CONTROL NUMBER
- control field: 695158
003 - CONTROL NUMBER IDENTIFIER
- control field: OSt
005 - DATE AND TIME OF LATEST TRANSACTION
- control field: 20221007080640.0
008 - FIXED-LENGTH DATA ELEMENTS
- fixed length control field: 221007|| aca||aabn | a|a d
040 ## - CATALOGING SOURCE
- Original cataloging agency: OSt
- Transcribing agency: OSt
100 ## - HEADING--PERSONAL NAME
- Personal name: Lillyquist M.J. Au
670 ## - SOURCE DATA FOUND
- Source citation: Work cat.: (OSt)1160416: Lillyquist M.J. Au., Understanding and changing criminal behavior, 1980
